NCAA BASKETBALL TEAMS NOT IN NCAA FOOTBALL - Statistics

General Stats
  • This quiz has been taken 69 times
  • The average score is 9 of 16
Answer Stats
Hint Answer % Correct
West Coast (25) Gonzaga
79%
Big East (30) St. John's
72%
Big East (35) Marquette
71%
Big East (43) Villanova
66%
Big East (24) Creighton
62%
Big East (22) Providence
57%
Big East (29) Xavier
55%
Big East (22) DePaul
53%
Big East (31) Georgetown
53%
West Coast (12) Saint Mary's
53%
Big East (14) Seton Hall
52%
Big East (16) Butler
45%
A-10 (19) Dayton
38%
A-10 (20) VCU
34%
A-10 (15) Davidson
33%
The American (16) Wichita State
33%
No matching quizzes found
Score Distribution
Percent of People with Each Score
Percentile by Number Answered
Your Score History
You have not taken this quiz